Mengzi di ming li si xiang ji qi bian shuo shi kuang /

Saved in:
Bibliographic Details
Main Author: Chen, Daqi, 1886-
Format: Book
Language:Chinese
Published: Taibei : Taiwan shang wu, min guo 57 [1968]
Edition:Chu ban.
Series:Ren ren wen ku ; 686
Subjects:
Tags: Add Tag
No Tags, Be the first to tag this record!
LEADER 00954cam a2200277 a 4500
001 007727952-2
005 20024617103528.0
008 841205s1968 ch c 000 0 chi
010 |a 73835754 
035 0 |a ocm11453953 
040 |a DLC  |c CSdS  |d CSdS  |d MoSW  |d HkUST  |d *YNH*  |d CStRLIN 
050 0 |a B128.M324  |b C46 1968 
100 1 |6 880-01  |a Chen, Daqi,  |d 1886- 
245 1 0 |6 880-02  |a Mengzi di ming li si xiang ji qi bian shuo shi kuang /  |c Chen Daqi zhu. 
250 |6 880-03  |a Chu ban. 
260 |6 880-04  |a Taibei :  |b Taiwan shang wu,  |c min guo 57 [1968] 
300 |a 2, 2, 2, 151 p. :  |b port. ;  |c 18 cm. 
490 0 |6 880-05  |a Ren ren wen ku ;  |v 686 
600 0 0 |a Mencius. 
880 1 |6 100-01  |a 陳大齊,  |d 1886- 
880 1 0 |6 245-02  |a 孟子的名理思想及其辯說實況 /  |c 陳大齊著. 
880 |6 250-03  |a 初版. 
880 |6 260-04  |a 台北 :  |b 台灣商務,  |c 民國57 [1968] 
880 0 |6 490-05  |a 人人文庫 ;  |v 686 
988 |a 20021127 
906 |0 DLC